000
00357nam a2200145Ia 4500
008
220531s9999 xx 000 0 und d
041
_a
eng
245
_a
Higher Education Challenges And Vision
260
_b
University of Pune
_c
2002
300
_a
362
542
_d
22-04-2002
650
_a
Education
_9
47788
906
_d
2002-2003
999
_c
28015
_d
28015